00679nam a2200217Ia 4500003000400000005001700004008004100021020003000062040001700092082001500109100001900124245008500143250005300228260003600281300002500317650003400342700002200376700002200398700001900420700002200439IIN20240103105900.0231217s9999 xx 000 0 und d cRs.3699.00a9789387963689 aIINbEnglish a611 bMOO1 aMoore, Keith L1 aClinically Oriented AnatomycKeith L, Moore. Arthur F.Dalley and Anne M. R. Agur a South Asian Editionbby S Aruna and M Sivakumar bWolters KluweraNew Delhic2018 axxxiii, 403 p. / V.11 aAnatomyvClinically Oriented 1 aDalley, Arthur F1 a Agur, Anne M. R1 aAruna , S, Ed.1 aSivakumar, M, Ed.